Οργάνωση Υπηρεσιών και Συστημάτων Υγείας. (Record no. 5904)
[ view plain ]
| 000 -LEADER | |
|---|---|
| fixed length control field | 01984cam a22001934a 4500 |
| 005 - ΗΜΕΡΟΜΗΝΙΑ ΚΑΙ ΩΡΑ ΤΕΛΕΥΤΑΙΑΣ ΕΝΗΜΕΡΩΣΗΣ | |
| Πεδίο ελέγχου | 20250605164225.0 |
| 008 - FIXED-LENGTH DATA ELEMENTS--GENERAL INFORMATION | |
| Πεδίο ελέγχου σταθερού μήκους | 250528s ||||||||||||||||||||||||d |
| 035 ## - SYSTEM CONTROL NUMBER | |
| System control number | 20822 |
| 020 ## - ISBN | |
| ISBN | 9789604520282 |
| 040 ## - ΠΗΓΗ ΚΑΤΑΛΟΓΟΓΡΑΦΗΣΗΣ | |
| Φορέας πρωτότυπης καταλογογράφησης | MC Athens Campus Library |
| Γλώσσα καταλογογράφησης | Ελληνικά, Μοντέρνα (1453-) |
| Modifying agency | MC Athens Campus Library |
| Κανόνες περιγραφικής καταλογογράφησης | AACR2 |
| 245 1# - ΤΙΤΛΟΣ ΚΑΙ ΔΗΛΩΣΗ ΥΠΕΥΘΥΝΟΤΗΤΑΣ | |
| Τίτλος | Οργάνωση Υπηρεσιών και Συστημάτων Υγείας. |
| Number of part/section of a work | Α' Τόμος |
| 260 ## - PUBLICATION, DISTRIBUTION, ETC. | |
| Name of publisher, distributor, etc. | Βήτα, |
| Date of publication, distribution, etc. | 2007 |
| 300 ## - PHYSICAL DESCRIPTION | |
| Extent | 280 |
| 520 ## - SUMMARY, ETC. | |
| Summary, etc. | Το βιβλίο αυτό φιλοδοξεί να μας δώσει μία χρηστική αντίληψη για τη λειτουργία του τομέα της υγείας. Πρόλογος, Ευχαριστίες, Οργάνωση των Υπηρεσιών και των Συστημάτων Υγείας, Ο Τομέας της Υγείας και η Οργάνωση των Υπηρεσιών Υγείας, Η Κοινωνική Πολιτική και ο Τομέας της Υγείας, Η Έννοια της Υγείας και η Μέτρηση του Επίπέδου της Υγείας, Οργάνωση του Τομέα της Υγείας, Το Οικονομικό Περιβάλλον στον Τομέα της Υγειάς, Η Προσφορά Υπηρεσιών και η Παραγωγή της Υγείας, Παραγωγή της Υγείας, Εξωνοσοκομειακή Φροντίδα Υγείας, Φαρμακευτική Περίθαλψη, Υπηρεσίες Δημόσιας Υγείας και Πρόληψης, Οργάνωση των Μεταμοσχεύσεων,Ζήτηση για Υπηρεσίες Υγείας, Δαπάνες Υγείας, Ιδιωτική Ασφάλιση Υγείας, Απο τον Τομέα της Υγείας στο Ολοκληρωμένο Σύστημα Υγείας, Οριζόντια Θέματα Οργάνωσης Υπηρεσιών Υγείας. |
| 700 1# - ΠΡΟΣΘΕΤΗ ΑΝΑΓΡΑΦΗ--ΦΥΣΙΚΟ ΠΡΟΣΩΠΟ | |
| Personal name | Λιαρόπουλος Λυκούργος Λ |
| 9 (RLIN) | 6791 |
| 942 ## - ADDED ENTRY ELEMENTS (KOHA) | |
| Koha item type | Books |
| Τύπος τεκμηρίου | Βιβλιοθήκη | Τρέχουσα τοποθεσία | Barcode | Αριθμός εισαγωγής | Ημερομηνία απόκτησης | Ταξιθετικό σύμβολο | Αριθμός αντιτύπου | Κατάσταση απόσυρσης | Κατάσταση χαμένου | Κατάσταση κατεστραμμένου | Μη δανεισμός | Σύνολο δανεισμών | Ημερομηνία τελευταίας εμφάνισης | Η τιμή ισχύει από |
|---|---|---|---|---|---|---|---|---|---|---|---|---|---|---|
| Books | MC Athens Campus Library | MC Athens Campus Library | 9780000059031 | 6378 | 05/06/2025 | 362.106 8 LIA V.A | 1 | 05/06/2025 | 05/06/2025 |